00641nam a22001937a 450000500170000001000150001702000260003203500140005803700130007208200200008524501160010525000060022126000350022727000820026230000260034450000190037070000290038970000290041820251212124357.0 aENG-147336 a9789385839368c695.00 aEN-130868 bDBAD/PUB a320.6095416221 aPolitics of Identity and Assertion of Tea Communities in Assam /cEdited By Rudraman Thapa [and] Pushpa Chanpia a1 aGuwahatibDVS Publishersc2020 aH.B. Road PanbazarbGuwahatie781001k2638295l0361-2511789mdvspub@gmail.com axiv, 202p. c22cm(Hb) aIncludes index aThapa, Rudraman eEditor aChanpia, Pushpa eEditor